A Comprehensive and Exhaustive Commentary on West Pakistan Land Revenue Act,1967/ (Record no. 612991)
[ view plain ]
| 000 -LEADER | |
|---|---|
| fixed length control field | 00409nam a22001457a 4500 |
| 082 ## - DEWEY DECIMAL CLASSIFICATION NUMBER | |
| Classification number | 344.546 |
| Author Mark | MAH |
| 100 ## - MAIN ENTRY--PERSONAL NAME | |
| Personal name | Mahmood, M. |
| 245 ## - TITLE STATEMENT | |
| Title | A Comprehensive and Exhaustive Commentary on West Pakistan Land Revenue Act,1967/ |
| Statement of responsibility, etc. | M. Mahmood. |
| 250 ## - EDITION STATEMENT | |
| Field link and sequence number | 17th Edition. |
| 260 ## - PUBLICATION, DISTRIBUTION, ETC. | |
| Place of publication, distribution, etc. | Lahore: |
| Name of publisher, distributor, etc. | Al-Qanoon Publishers, |
| Date of publication, distribution, etc. | 2023. |
| 300 ## - PHYSICAL DESCRIPTION | |
| Extent | xvi, 1304p. ; |
| 563 ## - BINDING INFORMATION | |
| Binding note | HB |
| 650 ## - SUBJECT ADDED ENTRY--TOPICAL TERM | |
| Topical term or geographic name entry element | Law |
| 942 ## - ADDED ENTRY ELEMENTS (KOHA) | |
| Source of classification or shelving scheme | |
| Koha item type | Book |
| 650 ## - SUBJECT ADDED ENTRY--TOPICAL TERM | |
| -- | 35302 |
| Withdrawn status | Lost status | Source of classification or shelving scheme | Damaged status | Not for loan | Permanent Location | Current Location | Date acquired | Total Checkouts | Full call number | Barcode | Date last seen | Date last checked out | Price effective from | Koha item type |
|---|---|---|---|---|---|---|---|---|---|---|---|---|---|---|
| NUST Law School (NLS) | NUST Law School (NLS) | 02/27/2025 | 1 | 344.546 MAH | NLS-132 | 10/01/2025 | 09/18/2025 | 02/27/2025 | Book | |||||
| NUST Law School (NLS) | NUST Law School (NLS) | 02/27/2025 | 344.546 MAH | NLS-133 | 02/27/2025 | 02/27/2025 | Book |
